Necrología del Excmo. Sr. D. Eloy Benito Ruano / (Record no. 184815)

MARC details
000 -LEADER
campo de control de longitud fija 00915nam a2200217 i 4500
001 - NÚMERO DE CONTROL
campo de control 184815
003 - IDENTIFICADOR DE NÚMERO DE CONTROL
campo de control ES-MaACL
005 - FECHA Y HORA DE LA ÚLTIMA TRANSACCIÓN
campo de control 20250801063049.0
008 - DATOS DE LONGITUD FIJA--INFORMACIÓN GENERAL
campo de control de longitud fija 160121s2014 sp co |||| |bspa d
080 ## - NÚMERO DE LA CLASIFICACIÓN DECIMAL UNIVERSAL
Número de la Clasificación Decimal Universal 929 Benito Ruano, E.
100 1# - ENTRADA PRINCIPAL--NOMBRE DE PERSONA
Nombre de persona Ladero Quesada, Miguel Ángel,
Fechas asociadas al nombre 1943-
9 (RLIN) 159216
245 10 - MENCIÓN DEL TÍTULO
Título Necrología del Excmo. Sr. D. Eloy Benito Ruano /
Mención de responsabilidad, etc. Miguel Ángel Ladero Quesada.
260 ## - PUBLICACIÓN, DISTRIBUCIÓN, ETC.
Lugar de publicación, distribución, etc. [Madrid :
Nombre del editor, distribuidor, etc. Real Academia de la Historia],
Fecha de publicación, distribución, etc. 2014 (
Fabricante Advantia, Comunicación Gráfica)
300 ## - DESCRIPCIÓN FÍSICA
Extensión P. [27-35], 1 h. de lám. retr. ;
Dimensiones 24 cm.
595 ## -
-- Separata de: Boletín de la Real Academia de la Historia, t. CCXI, cuaderno I.
599 ## - NOTA A LAS ILUSTRACIONES
NOTA A LAS ILUSTRACIONES Retr. de E. Benito Ruano antes de portadilla.
600 14 - PUNTO DE ACCESO ADICIONAL DE MATERIA--NOMBRE DE PERSONA
Nombre de persona Benito Ruano, Eloy.
9 (RLIN) 27689
710 2# - ENTRADA AGREGADA--NOMBRE DE ENTIDAD CORPORATIVA
Nombre de entidad corporativa o nombre de jurisdicción como elemento de entrada Real Academia de la Historia (España)
9 (RLIN) 6309
852 ## - LOCALIZACIÓN
Ubicación ES-MaACL
Número de control de estantería 2139-F-22
Nota libre . - Dedicatoria autógrafa del autor
Holdings
Estatus retirado Estado de pérdida Fuente del sistema de clasificación o colocación Estado de daño No para préstamo Colección Biblioteca de origen Biblioteca actual Ubicación en estantería Fecha de adquisición Total de préstamos Signatura topográfica completa Código de barras Visto por última vez Precio de reemplazo Tipo de ítem Koha Nota pública
    Clasificación decimal universal     Colección de folletos Biblioteca del Ateneo de Madrid Biblioteca del Ateneo de Madrid Depósito folletos 21/01/2016   2139-F-22 1194624 23/02/2023 23/02/2023 Folleto Dedicatoria autógrafa del autor